Diagnostic imaging for physical therapists / (رقم التسجيلة. 42690)
[ عرض عادي ]
| 000 -الفاتح | |
|---|---|
| حقل البيانات ثابتة الطول | 01522cam a2200409 a 4500 |
| 003 - محدد رقم الضبط | |
| رقم الضبط | OSt |
| 005 - وقت وتاريخ اخر تعامل مع التسجيلة | |
| رقم الضبط | 20180829185917.0 |
| 008 - عناصر البيانات ثابتة الطول - معلومات عامة | |
| حقل البيانات ثابتة الطول | 081111s2009 moua b 001 0 eng |
| 020 ## - الرقم الدولى المعيارى للكتب | |
| الرقم الدولى المعيارى للكتاب | 9781416029038 |
| 020 ## - الرقم الدولى المعيارى للكتب | |
| الرقم الدولى المعيارى للكتاب | 1416029036 |
| 020 ## - الرقم الدولى المعيارى للكتب | |
| الرقم الدولى المعيارى للكتاب | 9789996024351 (DVDROM) |
| 020 ## - الرقم الدولى المعيارى للكتب | |
| الرقم الدولى المعيارى للكتاب | 9996024350 (DVDROM) |
| 040 ## - مصدر الفهرسة | |
| وكالة الفهرسة الأصلية | NLM |
| وكالة النسخ | NLM |
| وكالة التعديل | AKC |
| -- | CDX |
| -- | MUQ |
| -- | CIN |
| لغة الفهرسة | eng |
| 042 ## - رمز التحقق | |
| رمز التحقق | nlmcopyc |
| 050 #4 - رقم طلب مكتبة الكونجرس | |
| رقم التصنيف | RC925.7 |
| رقم المادة | .S93 2009 |
| 060 00 - رقم الطلب بالمكتبة الطبية الوطنية | |
| رقم التصنيف | 2008 N-315 |
| 060 10 - رقم الطلب بالمكتبة الطبية الوطنية | |
| رقم التصنيف | WE 141 |
| رقم المادة | S971d 2009 |
| 082 04 - رقم تصنيف ديوى العشرى | |
| رقم التصنيف | 616.70754 |
| رقم الطبعة | 22 |
| رقم المادة | SJD |
| 100 1# - المدخل الرئيسى - إسم شخصى | |
| الإسم الشخصى | Swain, James, |
| العنوان والكلمات الأخرى المصاحبة للاسم | MPT |
| 9 (RLIN) | 64597 |
| 245 10 - بيان العنوان | |
| العنوان | Diagnostic imaging for physical therapists / |
| بيان المسئوليه,etc | James Swain, Kenneth W. Bush ; with a contribution by Juliet W. Brosing |
| 246 1# - العنوان الموازى | |
| نص العرض | Title of accompanying DVD-ROM: |
| عنوان صحيح/عنوان مختصر | Diagnostic imaging, physical therapists |
| 260 ## - PUBLICATION, DISTRIBUTION, ETC. (IMPRINT) | |
| مكان الناشر او الموزع | St. Louis, Mo. : |
| اسم الناشر او الموزع | Saunders/Elsevier, |
| تاريخ النشر أو التوزيع | c2009 |
| 300 ## - الوصف المادى | |
| التعداد | xi, 320 p. : |
| تفاصيل ماديه اخرى للوعاء | ill. ; |
| أبعاد الوعاء | 25 cm. + |
| المادة المصاحبة | 1 DVD-ROM (4 3/4 in.) |
| 504 ## - تبصرة ببليوجرافية | |
| تبصرة ببليوجرافية,الخ | Includes bibliographical references and index |
| 650 12 - المدخل الاضافى بالموضوع-مصطلح موضوعى | |
| مصطلح موضوعي أو اسم جغرافي كعنصر مدخل | Musculoskeletal System |
| التقسيم الفرعي العام | radiography |
| 9 (RLIN) | 11332 |
| 650 22 - المدخل الاضافى بالموضوع-مصطلح موضوعى | |
| مصطلح موضوعي أو اسم جغرافي كعنصر مدخل | Physical Therapy Modalities |
| 9 (RLIN) | 64598 |
| 650 #0 - المدخل الاضافى بالموضوع-مصطلح موضوعى | |
| مصطلح موضوعي أو اسم جغرافي كعنصر مدخل | Diagnostic imaging |
| 9 (RLIN) | 64599 |
| 650 #0 - المدخل الاضافى بالموضوع-مصطلح موضوعى | |
| مصطلح موضوعي أو اسم جغرافي كعنصر مدخل | Physical therapy |
| 9 (RLIN) | 64600 |
| 650 #0 - المدخل الاضافى بالموضوع-مصطلح موضوعى | |
| مصطلح موضوعي أو اسم جغرافي كعنصر مدخل | Physical therapists |
| 9 (RLIN) | 64601 |
| 650 #0 - المدخل الاضافى بالموضوع-مصطلح موضوعى | |
| مصطلح موضوعي أو اسم جغرافي كعنصر مدخل | Musculoskeletal system |
| التقسيم الفرعي العام | Imaging |
| 9 (RLIN) | 11330 |
| 650 #0 - المدخل الاضافى بالموضوع-مصطلح موضوعى | |
| مصطلح موضوعي أو اسم جغرافي كعنصر مدخل | Extremities (Anatomy) |
| التقسيم الفرعي العام | Imaging |
| 9 (RLIN) | 64602 |
| 650 #0 - المدخل الاضافى بالموضوع-مصطلح موضوعى | |
| مصطلح موضوعي أو اسم جغرافي كعنصر مدخل | Musculoskeletal system |
| التقسيم الفرعي العام | Radiography |
| 9 (RLIN) | 11332 |
| 650 #0 - المدخل الاضافى بالموضوع-مصطلح موضوعى | |
| مصطلح موضوعي أو اسم جغرافي كعنصر مدخل | Extremities (Anatomy) |
| التقسيم الفرعي العام | Radiography |
| 9 (RLIN) | 64603 |
| 700 1# - المدخل الاضافى - اسم شخصى | |
| الإسم الشخصى | Bush, Kenneth W |
| 9 (RLIN) | 64604 |
| 700 1# - المدخل الاضافى - اسم شخصى | |
| الإسم الشخصى | Brosing, Juliet Wain, |
| التواريخ المصاحبة للاسم | 1953- |
| 9 (RLIN) | 64605 |
| 942 ## - عناصر المدخل الإضافي( كوها) | |
| Koha [default] item type | كتاب |
| حالة الفقد | نموذج السعر الفعال | حالة تلف | ليس للاعارة | رقم الطلب | تاريخ الاكتساب | الموقع الحالي | الباركود | الفرع الرئيسي | Date last checked out | Date last seen | نوع المادة فى نظام كوها | مصدر التصنيف او خطة الترفيف | Total Checkouts |
|---|---|---|---|---|---|---|---|---|---|---|---|---|---|
| 2018-08-29 | 616.70754 SJD | 2018-08-29 | المكتبة المركزية بالمجمعة (CL) | 00657553 | المكتبة المركزية بالمجمعة (CL) | 2019-05-12 | 2020-01-09 | كتاب | Dewey Decimal Classification | 1 | |||
| 2018-08-29 | 616.70754 SJD | 2018-08-29 | المكتبة المركزية بالمجمعة (CL) | 00657554 | المكتبة المركزية بالمجمعة (CL) | 2018-08-29 | كتاب | Dewey Decimal Classification | |||||
| 2018-08-29 | 616.70754 SJD | 2018-08-29 | المكتبة المركزية بالمجمعة (CL) | 00657555 | المكتبة المركزية بالمجمعة (CL) | 2018-08-29 | كتاب | Dewey Decimal Classification | |||||
| 2018-09-04 | 616.70754 SJD | 2018-09-04 | مكتبة كلية العلوم الطبية التطبيقية بالمجمعة - طالبات (AMF) | 00657733 | مكتبة كلية العلوم الطبية التطبيقية بالمجمعة - طالبات (AMF) | 2018-09-04 | كتاب | Dewey Decimal Classification | |||||
| 2018-09-04 | 616.70754 SJD | 2018-09-04 | مكتبة كلية العلوم الطبية التطبيقية بالمجمعة - طالبات (AMF) | 00657734 | مكتبة كلية العلوم الطبية التطبيقية بالمجمعة - طالبات (AMF) | 2018-09-04 | كتاب | Dewey Decimal Classification |
